MARC

LEADER 00000nam0a2200000 4500
001 321875
005 20231102003423.0
035 |a (RuTPU)RU\TPU\book\347431 
090 |a 321875 
100 |a 20160908d1984 m y0rusy50 ca 
101 0 |a rus 
102 |a RU 
105 |a c z 000ay 
200 1 |a Знакомые лица  |e роман  |e повесть  |f В. Н. Мирнев 
210 |a Москва  |c Советский писатель  |d 1984 
215 |a 544 с.  |c портр. 
464 |t Зеленая крыша  |o повесть 
606 1 |a Русская литература современная  |2 stltpush  |3 (RuTPU)RU\TPU\subj\26373  |9 50316 
610 1 |a художественная литература 
610 1 |a советская литература 
610 1 |a романы 
610 1 |a повести 
675 |a Р2  |v 4 
700 1 |a Мирнев  |b В. Н.  |g Владимир Николаевич  |4 070 
801 1 |a RU  |b 63413507  |c 20160908 
801 2 |a RU  |b 63413507  |c 20210112  |g RCR 
942 |c BK